ABC Capitals - Statistics

General Stats
  • This quiz has been taken 39 times
  • The average score is 17 of 24
Answer Stats
Hint Answer % Correct
Greece Athens
97%
Denmark Copenhagen
91%
Colombia Bogota
89%
FInland Helsinki
89%
Indonesia Jakarta
89%
Pakistan Islamabad
83%
Poland Warsaw
80%
Guatemala Guatemala City
74%
Kosovo Pristina
74%
Ecuador Quito
71%
Senegal Dakar
69%
Sierra Leone Freetown
69%
Democratic Republic of the Cong Kinshasa
69%
NIcaragua Managua
69%
Saudi Arabia Riyadh
69%
Canada Ottawa
66%
Albania Tirana
66%
Croatia Zagreb
66%
Bosnia and Herzegovina Sarajevo
60%
Lichtenstein Vaduz
60%
Armenia Yerevan
54%
Malawi Lilongwe
49%
Chad Ndjamena
49%
Mongolia Ulan Bator
46%
No matching quizzes found
Score Distribution
Percent of People with Each Score
Percentile by Number Answered
Your Score History
You have not taken this quiz